The role of money ; what it should be, contrasted with what it has become /

Bibliographic Details
Main Author: Soddy, Frederick, 1877-1956
Format: Book
Language:English
Published: London : G. Routledge and Sons, Ltd., 1934.
Series:New-world series.
Subjects:

MARC

Tag First Indicator Second Indicator Subfields
LEADER 00000cam a2200000 4500
001 in00000040751
005 20151007064639.0
008 780512s1934 enk b 00010 eng
010 |a  35000732  
035 |a (OCoLC)03888300 
035 |9 AAE0307AM 
040 |a DLC  |c HDC  |d TXA  |d UtOrBLW 
049 |a TXAM  |c [175037] 
050 0 0 |a HG221  |b .S65 1934 
082 0 |a 332.401 
092 |a 332.401  |b S779r 
100 1 |a Soddy, Frederick,  |d 1877-1956. 
245 1 4 |a The role of money ;  |b what it should be, contrasted with what it has become /  |c by Frederick Soddy. 
264 1 |a London :  |b G. Routledge and Sons, Ltd.,  |c 1934. 
300 |a x, 222 pages ;  |c 20 cm. 
336 |a text  |b txt  |2 rdacontent 
337 |a unmediated  |b n  |2 rdamedia 
338 |a volume  |b nc  |2 rdacarrier 
490 1 |a The new world series 
504 |a Bibliography: pages 221-222. 
650 0 |a Money. 
650 0 |a Currency question. 
830 0 |a New-world series. 
999 |a MARS 
999 f f |s 7664de1c-6c56-34a9-a254-257406c8f345  |i 87d10879-09d0-3f91-b707-31f6393707b5  |t 0 
952 f f |p ric  |a Texas A&M University  |b Rellis Campus  |c Joint Library Facility  |d Remote Storage  |t 0  |e HG221 .S65 1934  |h Library of Congress classification  |i unmediated -- volume  |m A14800732913 
998 f f |a HG221 .S65 1934  |t 0  |l Remote Storage